Plant propagation by tissue culture

Saved in:
Bibliografiske detaljer
Main Authors: George, Edwin F (Author), Hall, Michael A (Author), De Klerk, Geert-Jan (Author)
Format: Bog
Sprog:spansk
Udgivet: Springer 2010
Udgivelse:3a. ed
Fag:
Tags: Tilføj Tag
Ingen Tags, Vær først til at tagge denne postø!

MARC

LEADER 00000cam a2200000 a 4500
001 UCE5448
003 CL-VaPUC
008 150109e20100000ne |||||||||||||||||spa|d
020 |a 9789048172528 
082 0 4 |a 631.54  |b GEO  |2 21 
100 0 |a George, Edwin F  |e author  |9 578080 
700 0 |a Hall, Michael A  |e author  |9 578081 
700 0 |a De Klerk, Geert-Jan  |e author  |9 578082 
245 1 0 |a Plant propagation by tissue culture 
250 |a 3a. ed 
300 |a v 
942 |c BK 
945 |d 20150109 08:57:00  |a arojas 
260 |b Springer  |c 2010 
500 |a v.1: The background 
650 0 |a Propagación de plantas  |9 339631 
650 0 |a Cultivo de tejidos vegetales  |9 326066 
650 0 |a Fitomejoramiento  |9 473695 
650 7 |a MITOSIS  |2 CL-VaPUC  |9 358387 
650 7 |a EMBRIOLOGIA DE LAS PLANTAS  |2 CL-VaPUC  |9 499374 
583 |a last modification  |c 20150109 08:57:00  |k Rodrigo Vera 
999 |c 358166  |d 358164 
952 |0 0  |1 0  |3 erb  |4 0  |6 631_540000000000000_GEO_2010  |7 0  |8 A  |9 466703  |a BIBAGR  |b BIBAGR  |h v.1  |i 513367K  |o 631.54 GEO 2010  |p 513367K  |r 2025-01-20  |w 2019-11-23  |y BK  |z Catalogado en:20150109  |k AGR